<?xml version="1.0" encoding="UTF-8"?>
<record
    xmlns:xsi="http://www.w3.org/2001/XMLSchema-instance"
    xsi:schemaLocation="http://www.loc.gov/MARC21/slim http://www.loc.gov/standards/marcxml/schema/MARC21slim.xsd"
    xmlns="http://www.loc.gov/MARC21/slim">

  <leader>01555    a2200229   4500</leader>
  <controlfield tag="001">26887</controlfield>
  <controlfield tag="005">20260407155546.0</controlfield>
  <controlfield tag="008">260407a1981    arg                 spa d</controlfield>
  <controlfield tag="003">AR-UNSa-BCEJYS</controlfield>
  <datafield tag="040" ind1=" " ind2=" ">
    <subfield code="a">AR-UNSa-BCEJYS</subfield>
    <subfield code="b">spa</subfield>
    <subfield code="c">AR-UNSa-BCEJYS</subfield>
  </datafield>
  <datafield tag="080" ind1=" " ind2=" ">
    <subfield code="a">711(09)</subfield>
    <subfield code="x">Histor&#xED;a del Urbanismo</subfield>
  </datafield>
  <datafield tag="245" ind1="1" ind2="0">
    <subfield code="a">Historia del urbanismo</subfield>
    <subfield code="p">El siglo XIX</subfield>
  </datafield>
  <datafield tag="020" ind1=" " ind2=" ">
    <subfield code="a">84-7088-261-9</subfield>
  </datafield>
  <datafield tag="264" ind1=" " ind2="1">
    <subfield code="a">Madrid :</subfield>
    <subfield code="b">Instituto de Estudios de Administraci&#xF3;n Local</subfield>
    <subfield code="c">1981</subfield>
  </datafield>
  <datafield tag="300" ind1=" " ind2=" ">
    <subfield code="a">2v. (622; 584 p.)</subfield>
    <subfield code="c">25 cm.</subfield>
  </datafield>
  <datafield tag="505" ind1=" " ind2=" ">
    <subfield code="a">Vol. I: 1. Los  fenomenos territoriales y urbanos  en el cuadro del crecimiento del capitalismo industrial - 2. La evoluci&#xF3;n del urbanismo en Gran Breta&#xF1;a en el curso del siglo XIX - 3. La evoluci&#xF3;n del urbanismo en Francia en el curso del siglo XIX - 4. La evoluci&#xF3;n del urbanismo en Alemania en el curso del siglo XIX - 5. La evoluci&#xF3;n del urbanismo en las dem&#xE1;s naciones europeas en el curso del siglo XIX - 6. La evoluci&#xF3;n del urbanismo en la Italia unificada --  Vol. II: 7. La evoluci&#xF3;n del urbanismo en los Estados Unidos de Am&#xE9;rica - 8. La evoluci&#xF3;n del urbanismo en los dem&#xE1;s pa&#xED;ses ligados al sistema capitalista - 9. Planes urbanisticos y pol&#xED;tica territorial en la organizaci&#xF3;n de las colinas - 10. Las ciudades especializadas del trabajo y del tiempo libre - 11. Las expresiones de la ciudad decimononica - 12. Cr&#xED;tica, rechazo y correcci&#xF3;n de la ciudad capitalista</subfield>
  </datafield>
  <datafield tag="041" ind1=" " ind2=" ">
    <subfield code="a">spa</subfield>
  </datafield>
  <datafield tag="942" ind1=" " ind2=" ">
    <subfield code="c">BK</subfield>
  </datafield>
  <datafield tag="590" ind1=" " ind2=" ">
    <subfield code="a">niveau_biblio:m niveau_hierar:0</subfield>
  </datafield>
  <datafield tag="100" ind1="1" ind2=" ">
    <subfield code="a">Sica, Paolo</subfield>
  </datafield>
  <datafield tag="700" ind1="1" ind2=" ">
    <subfield code="a">Hern&#xE1;ndez Orozco, Joaqu&#xED;n</subfield>
  </datafield>
  <datafield tag="999" ind1=" " ind2=" ">
    <subfield code="c">1508</subfield>
    <subfield code="d">1508</subfield>
  </datafield>
  <datafield tag="952" ind1=" " ind2=" ">
    <subfield code="0">0</subfield>
    <subfield code="1">0</subfield>
    <subfield code="4">0</subfield>
    <subfield code="7">0</subfield>
    <subfield code="a">BCEJYS</subfield>
    <subfield code="b">BCEJYS</subfield>
    <subfield code="c">16</subfield>
    <subfield code="d">2026-04-07</subfield>
    <subfield code="l">0</subfield>
    <subfield code="o">711(09)"18" S565 v.2</subfield>
    <subfield code="p">L58508</subfield>
    <subfield code="r">2026-04-07 15:55:46</subfield>
    <subfield code="w">2026-04-07</subfield>
    <subfield code="y">L</subfield>
  </datafield>
  <datafield tag="952" ind1=" " ind2=" ">
    <subfield code="0">0</subfield>
    <subfield code="1">0</subfield>
    <subfield code="4">0</subfield>
    <subfield code="7">0</subfield>
    <subfield code="a">BCEJYS</subfield>
    <subfield code="b">BCEJYS</subfield>
    <subfield code="c">16</subfield>
    <subfield code="d">2026-04-07</subfield>
    <subfield code="l">0</subfield>
    <subfield code="o">711(09)"18" S565 v.1</subfield>
    <subfield code="p">L58507</subfield>
    <subfield code="r">2026-04-07 15:55:46</subfield>
    <subfield code="w">2026-04-07</subfield>
    <subfield code="y">L</subfield>
  </datafield>
</record>
